|
|
|
|
| LEADER |
00000nam0a2200000 4500 |
| 001 |
146971 |
| 005 |
20231031144840.0 |
| 010 |
|
|
|a 5270001225
|
| 020 |
|
|
|a RU
|b 88-57207
|
| 035 |
|
|
|a (RuTPU)RU\TPU\book\159311
|
| 090 |
|
|
|a 146971
|
| 100 |
|
|
|a 20081106d1988 m y0rusy5003 ca
|
| 101 |
0 |
|
|a rus
|
| 102 |
|
|
|a RU
|
| 105 |
|
|
|a c z 000ay
|
| 200 |
1 |
|
|a Горбатый медведь
|e роман
|f Е. А. Пермяк
|
| 210 |
|
|
|a Москва
|c Современник
|d 1988
|
| 215 |
|
|
|a 718,[2] с., [1] л. портр.
|d 21 см
|
| 225 |
1 |
|
|a Рр: Библиотека российского романа
|
| 610 |
1 |
|
|a Революционное движение в России
|
| 610 |
1 |
|
|a советская литература
|
| 610 |
1 |
|
|a романы
|
| 675 |
|
|
|a Р2
|z rus
|
| 700 |
|
1 |
|a Пермяк
|b Е. А.
|g Евгений Андреевич
|4 070
|
| 801 |
|
0 |
|a RU
|b RuMRKP
|c 19950417
|g psbo
|
| 801 |
|
1 |
|a RU
|b 63413507
|c 20081106
|g PSBO
|
| 801 |
|
2 |
|a RU
|b 63413507
|c 20140208
|g PSBO
|
| 942 |
|
|
|c BK
|